[Event "Gijon rapid op 18th"]
[Site "Gijon"]
[Date "2018.07.22"]
[Round "3"]
[White "Rodriguez Uria, Julio Antonio"]
[Black "Epishin, Vladimir"]
[Result "0-1"]
[WhiteElo "2181"]
[BlackElo "2541"]
[PlyCount "46"]
[EventDate "2018.07.22"]
[EventType "swiss (rapid)"]
[EventRounds "9"]
[EventCountry "ESP"]
[SourceTitle "CBM 185 Extra"]
[Source "ChessBase"]
[SourceDate "2018.07.29"]
[SourceVersion "1"]
[SourceVersionDate "2018.07.29"]
[SourceQuality "1"]

1. c4 b6 2. Nc3 Bb7 3. Nf3 e6 4. d3 d5 5. cxd5 exd5 6. Bf4 Nf6 7. g3 d4 8. Nb5 Bb4+ 9. Bd2 Bxd2+ 10. Qxd2 Bxf3 11. exf3 0-0 12. Be2 Qd7 13. Na3 Qh3 14. 0-0-0 c5 15. f4 Nc6 16. Bf3 Rac8 17. Kb1 Nb4 18. Nc4 b5 19. Ne5 Qe6 20. b3 Nfd5 21. Rc1 f6 22. Bg4 Qa6 23. Bxc8 Rxc8 0-1

[Event "Trevias op 22nd"]
[Site "Trevias"]
[Date "2016.09.15"]
[Round "4"]
[White "Longa Yauca, Javier"]
[Black "Rodriguez Uria, Julio Antonio"]
[Result "1-0"]
[WhiteElo "2294"]
[BlackElo "2205"]
[PlyCount "119"]
[EventDate "2016.09.12"]
[EventType "swiss"]
[EventRounds "7"]
[EventCountry "ESP"]
[SourceTitle "CBM 174 Extra"]
[Source "ChessBase"]
[SourceDate "2016.10.10"]
[SourceVersion "1"]
[SourceVersionDate "2016.10.10"]
[SourceQuality "1"]

1. d4 Nf6 2. Nf3 g6 3. c4 Bg7 4. Nc3 d5 5. Qb3 c6 6. Bg5 dxc4 7. Qxc4 0-0 8. Rd1 Be6 9. Qd3 Nbd7 10. e4 Qa5 11. Bd2 Bg4 12. Be2 e5 13. b4 Qc7 14. dxe5 Nxe5 15. Nxe5 Bxe2 16. Nxe2 Qxe5 17. f3 Rad8 18. Qc4 Qb2 19. Nc1 Rfe8 20. Nd3 Qa3 21. Bc1 Qa4 22. 0-0 Nd7 23. Bg5 Nb6 24. Qb3 Qxb3 25. axb3 Bd4+ 26. Kh1 f6 27. Bh4 Nd7 28. Bg3 Ne5 29. Nxe5 Bxe5 30. Bxe5 fxe5 31. Kg1 Kf7 32. Kf2 Ke7 33. Ke3 Rf8 34. h4 h6 35. g3 Ke6 36. f4 h5 37. Rxd8 Rxd8 38. f5+ gxf5 39. Rxf5 Rd4 40. Rxh5 Rxb4 41. Kf3 Rxb3+ 42. Kg4 a5 43. Rh8 a4 44. Re8+ Kf6 45. Rf8+ Kg7 46. Ra8 b5 47. h5 Re3 48. Kh4 Kh6 49. Rh8+ Kg7 50. Ra8 Kh6 51. Rh8+ Kg7 52. Rc8 a3 53. g4 Rxe4 54. Rc7+ Kg8 55. Rc8+ Kf7 56. Rc7+ Kf8 57. h6 Kg8 58. Kh5 Rf4 59. g5 a2 60. g6 1-0

[Event "Gijon RGCC op 5th Rapid"]
[Site "Gijon"]
[Date "2015.07.19"]
[Round "6"]
[White "Rodriguez Uria, Julio Antonio"]
[Black "Kantans, Toms"]
[Result "0-1"]
[WhiteElo "2214"]
[BlackElo "2505"]
[PlyCount "56"]
[EventDate "2015.07.19"]
[EventType "swiss (rapid)"]
[EventRounds "9"]
[EventCountry "ESP"]
[SourceTitle "EXT 2024"]
[Source "ChessBase"]
[SourceDate "2023.10.10"]
[SourceVersion "1"]
[SourceVersionDate "2023.10.10"]
[SourceQuality "1"]

1. c4 e5 2. Nc3 Nc6 3. Nf3 Nf6 4. g3 Bc5 5. Bg2 a6 6. 0-0 d6 7. d3 0-0 8. e4 h6 9. h3 Rb8 10. a4 Be6 11. Be3 Qd7 12. Kh2 Nh7 13. g4 Nd4 14. Bxd4 exd4 15. Ne2 b5 16. b3 bxc4 17. bxc4 Qe8 18. Kh1 h5 19. gxh5 f5 20. Nfxd4 fxe4 21. Nxe6 Qxe6 22. d4 Ba7 23. Qc2 Ng5 24. Qc3 Rf3 25. Qd2 Rxh3+ 26. Kg1 Nf3+ 27. Bxf3 exf3 28. Ng3 Qg4 0-1

[Event "Trevias op"]
[Site "Trevias"]
[Date "2006.09.16"]
[Round "6"]
[White "Geirnaert, Steven"]
[Black "Rodriguez Uria, Julio Antonio"]
[Result "1-0"]
[WhiteElo "2357"]
[BlackElo "2284"]
[PlyCount "59"]
[EventDate "2006.09.11"]
[EventType "swiss"]
[EventRounds "7"]
[EventCountry "ESP"]
[SourceTitle "CBM 114 Extra"]
[Source "ChessBase"]
[SourceDate "2006.11.03"]
[SourceVersion "1"]
[SourceVersionDate "2006.11.03"]
[SourceQuality "1"]

1. e4 c6 2. d4 d5 3. exd5 cxd5 4. c4 Nf6 5. Nc3 Nc6 6. Bg5 Be6 7. a3 g6 8. Bxf6 exf6 9. c5 Bg7 10. Bb5 0-0 11. Nge2 Re8 12. 0-0 Qc7 13. b4 Rad8 14. Qd2 h5 15. Bd3 Kh7 16. Nb5 Qb8 17. Nd6 Bh6 18. f4 Rxd6 19. cxd6 Qxd6 20. Kh1 h4 21. h3 Qd7 22. Rf3 Ne7 23. Nc3 Rc8 24. Re1 Bf5 25. Rxe7 Qxe7 26. Bxf5 gxf5 27. Qf2 Rc4 28. Qxh4 Rxd4 29. Qf2 Bxf4 30. Qxd4 1-0

[Event "Asturias-ch"]
[Site "Oviedo"]
[Date "2004.03.06"]
[Round "4"]
[White "Rodriguez Uria, Julio Antonio"]
[Black "Prieto Gallardo, Francisco Javier"]
[Result "1-0"]
[WhiteElo "2235"]
[BlackElo "2064"]
[PlyCount "93"]
[EventDate "2004.02.21"]
[EventType "swiss"]
[EventRounds "11"]
[EventCountry "ESP"]
[SourceTitle "EXT 2005"]
[Source "ChessBase"]
[SourceDate "2004.11.15"]
[SourceVersion "1"]
[SourceVersionDate "2004.11.15"]
[SourceQuality "1"]

1. c4 Nf6 2. Nc3 e5 3. Nf3 Nc6 4. g3 Bc5 5. Bg2 d6 6. 0-0 Bg4 7. h3 Bh5 8. d3 Qd7 9. Bg5 Ng8 10. Na4 Bb6 11. c5 Bxc5 12. Nxc5 dxc5 13. Rc1 f6 14. Be3 Nge7 15. Bxc5 0-0 16. Bxe7 Nxe7 17. Qb3+ Bf7 18. Qxb7 Nd5 19. Qa6 Rfb8 20. b3 Rb6 21. Qa5 Rb5 22. Qa3 a5 23. Nd2 c6 24. Rc5 Be6 25. Kh2 a4 26. Rfc1 Qa7 27. Rxb5 cxb5 28. Qd6 Qf7 29. Bxd5 Bxd5 30. e4 Be6 31. Rc7 Ra6 32. Qc5 Qh5 33. g4 Qg5 34. Nf3 Qf4+ 35. Kg2 h5 36. Qe7 Qh6 37. g5 Qg6 38. Rb7 axb3 39. Rb8+ Kh7 40. axb3 Bxb3 41. Qd8 Qf7 42. Nh4 Qg8 43. g6+ Kh6 44. Qc7 Ra1 45. Rxg8 Bxg8 46. Qc3 Rd1 47. Qc2 1-0

[Event "Asturias-chT Preferente 0304"]
[Site "Asturias"]
[Date "2003.11.22"]
[Round "3"]
[White "Rodriguez Uria, Julio Antonio"]
[Black "Perez Ramos, Fernando Maria"]
[Result "0-1"]
[WhiteElo "2260"]
[BlackElo "2181"]
[PlyCount "50"]
[EventDate "2003.??.??"]
[EventType "team"]
[EventRounds "7"]
[EventCountry "ESP"]
[SourceTitle "EXT 2007"]
[Source "ChessBase"]
[SourceDate "2006.11.23"]
[SourceVersion "1"]
[SourceVersionDate "2006.11.23"]
[SourceQuality "1"]

1. c4 e5 2. Nc3 Bb4 3. Nd5 Ba5 4. b4 c6 5. bxa5 cxd5 6. cxd5 Qxa5 7. Qb3 Nf6 8. Bb2 d6 9. Rc1 Na6 10. f4 0-0 11. fxe5 dxe5 12. Nf3 Nxd5 13. e3 Be6 14. Ng5 Rac8 15. Bc4 Qd8 16. Nxe6 fxe6 17. Bxe5 Qh4+ 18. Bg3 Qe4 19. Bxd5 Rxc1+ 20. Ke2 exd5 21. Rxc1 Qxg2+ 22. Kd3 Qe4+ 23. Ke2 Qf3+ 24. Kd3 Qf5+ 25. Ke2 Nc5 0-1

[Event "Asturias-chT Preferente 0304"]
[Site "Asturias"]
[Date "2003.11.22"]
[Round "4"]
[White "Vigil Vigil, L Juan"]
[Black "Rodriguez Uria, Julio Antonio"]
[Result "0-1"]
[WhiteElo "2125"]
[BlackElo "2260"]
[PlyCount "53"]
[EventDate "2003.??.??"]
[EventType "team"]
[EventRounds "7"]
[EventCountry "ESP"]
[SourceTitle "EXT 2007"]
[Source "ChessBase"]
[SourceDate "2006.11.23"]
[SourceVersion "1"]
[SourceVersionDate "2006.11.23"]
[SourceQuality "1"]

1. d4 d5 2. Nf3 c6 3. c4 Nf6 4. g3 g6 5. Bg2 Bg7 6. 0-0 0-0 7. cxd5 cxd5 8. Qb3 Nc6 9. Nc3 Ne4 10. Rd1 Nxc3 11. Qxc3 Bf5 12. Ne5 Rc8 13. Nxc6 Rxc6 14. Qb4 Qd7 15. Bg5 h6 16. Bf4 g5 17. Be3 e6 18. Rac1 Bc2 19. Re1 Rfc8 20. Qd2 Qc7 21. h4 Qb6 22. hxg5 hxg5 23. b4 Rc4 24. a3 g4 25. Bh6 Qxd4 26. Qg5 Qf6 27. Qxf6 0-1

[Event "Asturias-ch"]
[Site "Oviedo"]
[Date "2003.04.12"]
[Round "11.4"]
[White "Rodriguez Uria, Julio Antonio"]
[Black "Acebal Muniz, Antonio"]
[Result "1-0"]
[WhiteElo "2226"]
[BlackElo "2252"]
[PlyCount "55"]
[EventDate "2003.02.22"]
[EventType "swiss"]
[EventRounds "11"]
[EventCountry "ESP"]
[SourceTitle "EXT 2004"]
[Source "ChessBase"]
[SourceDate "2003.11.25"]
[SourceVersion "1"]
[SourceVersionDate "2003.11.25"]
[SourceQuality "1"]

1. c4 e6 2. Nf3 Nf6 3. g3 d5 4. Bg2 c5 5. cxd5 exd5 6. d4 Nc6 7. 0-0 Be7 8. Nc3 0-0 9. Bg5 Be6 10. dxc5 Bxc5 11. Rc1 Be7 12. Nd4 h6 13. Bf4 Rc8 14. Nxe6 fxe6 15. Bh3 Qd7 16. e4 d4 17. Qb3 Kf7 18. Nd5 Nxe4 19. Nxe7 Nxe7 20. Rxc8 Rxc8 21. Re1 Nc5 22. Qd1 a5 23. Bd2 b6 24. a3 a4 25. Qh5+ Kg8 26. Bb4 Rc6 27. Qe5 Nd3 28. Bxe6+ 1-0

[Event "Asturias-ch"]
[Site "Oviedo"]
[Date "2003.04.05"]
[Round "9.6"]
[White "Rodriguez Uria, Julio Antonio"]
[Black "Sierra Canosa, Francisco"]
[Result "1/2-1/2"]
[WhiteElo "2226"]
[BlackElo "2113"]
[PlyCount "82"]
[EventDate "2003.02.22"]
[EventType "swiss"]
[EventRounds "11"]
[EventCountry "ESP"]
[SourceTitle "EXT 2004"]
[Source "ChessBase"]
[SourceDate "2003.11.25"]
[SourceVersion "1"]
[SourceVersionDate "2003.11.25"]
[SourceQuality "1"]

1. e4 c5 2. Nf3 Nc6 3. d4 cxd4 4. Nxd4 g6 5. c4 Nf6 6. Nc3 d6 7. Be2 Nxd4 8. Qxd4 Bg7 9. Bg5 0-0 10. Qd2 Be6 11. 0-0 Qa5 12. b4 Qxb4 13. Rab1 Qc5 14. Rxb7 Bxc4 15. Bxc4 Qxc4 16. Rxe7 h6 17. Be3 Rfc8 18. Rc1 Ng4 19. Ne2 Qa4 20. Qd5 Rxc1+ 21. Nxc1 Rf8 22. Rxa7 Qc2 23. Nb3 Nxf2 24. Qd2 Qxd2 25. Nxd2 Nd1 26. Nf1 Nxe3 27. Nxe3 Bd4 28. Ra3 Bc5 29. Rd3 Ra8 30. Kf2 Rxa2+ 31. Kf3 Bxe3 32. Rxe3 Rd2 33. e5 dxe5 34. Rxe5 Kg7 35. Re7 g5 36. h4 gxh4 37. Re4 Rd3+ 38. Ke2 Ra3 39. Rxh4 f5 40. Rb4 Kg6 41. Kf2 Kg5 1/2-1/2

[Event "Asturias-ch"]
[Site "Oviedo"]
[Date "2003.03.01"]
[Round "3.5"]
[White "Recuero Guerra, David"]
[Black "Rodriguez Uria, Julio Antonio"]
[Result "1-0"]
[WhiteElo "2103"]
[BlackElo "2226"]
[PlyCount "45"]
[EventDate "2003.02.22"]
[EventType "swiss"]
[EventRounds "11"]
[EventCountry "ESP"]
[SourceTitle "EXT 2004"]
[Source "ChessBase"]
[SourceDate "2003.11.25"]
[SourceVersion "1"]
[SourceVersionDate "2003.11.25"]
[SourceQuality "1"]

1. e4 c6 2. d4 d5 3. Nc3 dxe4 4. Nxe4 Nf6 5. Nxf6+ gxf6 6. c3 Bf5 7. Nf3 e6 8. g3 Qd5 9. Bg2 Qe4+ 10. Be3 Qd3 11. Qb3 Qa6 12. d5 exd5 13. Bf1 b5 14. Nd4 Qc8 15. Bxb5 Bd7 16. 0-0-0 cxb5 17. Qxd5 Na6 18. Rhe1 Nc5 19. Bg5+ Ne6 20. Bxf6 Rg8 21. Nxb5 Bh6+ 22. f4 Bc6 23. Qd6 1-0

[Event "Trevias op"]
[Site "Trevias"]
[Date "2003.??.??"]
[Round "5"]
[White "Suarez Montousse, Andres"]
[Black "Rodriguez Uria, Julio Antonio"]
[Result "0-1"]
[WhiteElo "2064"]
[BlackElo "2226"]
[PlyCount "114"]
[EventDate "2003.??.??"]
[EventType "swiss"]
[EventRounds "7"]
[EventCountry "ESP"]
[SourceTitle "EXT 2005"]
[Source "ChessBase"]
[SourceDate "2004.11.15"]
[SourceVersion "1"]
[SourceVersionDate "2004.11.15"]
[SourceQuality "1"]

1. b3 e5 2. Bb2 d6 3. e3 Nf6 4. d4 exd4 5. exd4 g6 6. Qe2+ Qe7 7. Qxe7+ Kxe7 8. d5 Bh6 9. Be2 Re8 10. c4 Na6 11. Nf3 Nb4 12. Na3 Bd7 13. 0-0 Kf8 14. Bxf6 Rxe2 15. Nd4 Re4 16. Rfe1 Rae8 17. Ne6+ R4xe6 18. dxe6 fxe6 19. Bc3 a5 20. Re2 Bg7 21. Bxg7+ Kxg7 22. Nb5 Bxb5 23. cxb5 Nd5 24. Rc1 Re7 25. g3 Kf7 26. f4 Ke8 27. Re4 Kd7 28. Kg2 Rf7 29. h3 Nf6 30. Ra4 b6 31. b4 axb4 32. Rxb4 Nd5 33. Re4 h5 34. a4 Nf6 35. Rd4 Nd5 36. Kh2 h4 37. Rdc4 Kd8 38. Ra1 Rf5 39. Re4 Kd7 40. Rae1 Rf6 41. a5 bxa5 42. Ra4 Rf5 43. g4 Rxf4 44. Rxf4 Nxf4 45. Ra1 d5 46. Rxa5 d4 47. Ra4 e5 48. Kg1 Nxh3+ 49. Kg2 Nf4+ 50. Kf3 Ne6 51. Ra8 Kd6 52. Rg8 g5 53. Rg6 Kd5 54. Rg8 e4+ 55. Ke2 h3 56. Kf2 Ke5 57. Re8 e3+ 0-1

[Event "Asturias-ch Preferente"]
[Site "Gijon"]
[Date "2002.03.24"]
[Round "9.4"]
[White "Andres Gonzalez, Ivan"]
[Black "Rodriguez Uria, Julio Antonio"]
[Result "1-0"]
[WhiteElo "2234"]
[BlackElo "2247"]
[PlyCount "69"]
[EventDate "2002.02.24"]
[EventType "swiss"]
[EventRounds "9"]
[EventCountry "ESP"]
[SourceTitle "EXT 2003"]
[Source "ChessBase"]
[SourceDate "2002.11.25"]
[SourceVersion "1"]
[SourceVersionDate "2002.11.25"]
[SourceQuality "1"]

1. e4 c6 2. Nf3 g6 3. d4 Bg7 4. Nc3 d6 5. Bg5 h6 6. Be3 Nf6 7. h3 b5 8. g3 Nbd7 9. e5 dxe5 10. dxe5 Nh7 11. e6 fxe6 12. Bd3 Kf7 13. Be4 Bb7 14. Qd3 Bxc3+ 15. bxc3 Nhf8 16. Bd4 Rg8 17. Qe3 Qc7 18. Rd1 c5 19. Be5 Nxe5 20. Qf4+ Ke8 21. Nxe5 Rg7 22. Bxb7 Qxb7 23. 0-0 g5 24. Qg4 Ng6 25. Nxg6 Rxg6 26. f4 Qe4 27. Rde1 Qf5 28. Qf3 Rc8 29. Qb7 e5 30. Rxe5 Qd7 31. Qe4 Rcc6 32. Re1 Rg7 33. f5 Kf8 34. Re6 Rd6 35. f6 1-0

[Event "Asturias-ch Preferente"]
[Site "Gijon"]
[Date "2002.03.03"]
[Round "3.5"]
[White "Rodriguez Uria, Julio Antonio"]
[Black "Guerrero Olmos, Sergio"]
[Result "1-0"]
[WhiteElo "2247"]
[BlackElo "2199"]
[PlyCount "133"]
[EventDate "2002.02.24"]
[EventType "swiss"]
[EventRounds "9"]
[EventCountry "ESP"]
[SourceTitle "EXT 2003"]
[Source "ChessBase"]
[SourceDate "2002.11.25"]
[SourceVersion "1"]
[SourceVersionDate "2002.11.25"]
[SourceQuality "1"]

1. c4 e5 2. Nc3 Bb4 3. Qb3 Nc6 4. Nf3 d6 5. a3 Bxc3 6. Qxc3 Qf6 7. d3 e4 8. Qxf6 Nxf6 9. dxe4 Nxe4 10. Nd2 Nxd2 11. Kxd2 Bf5 12. f3 0-0-0 13. e4 Bg6 14. Kc3 f5 15. exf5 Bxf5 16. Bf4 d5 17. cxd5 Ne7 18. Bc4 Nxd5+ 19. Bxd5 Rxd5 20. Rad1 Rhd8 21. Rxd5 Rxd5 22. Re1 Kd7 23. Re5 Rxe5 24. Bxe5 g6 25. Kd4 c6 26. Bb8 a5 27. Ke5 Ke7 28. Ba7 Bd3 29. Bc5+ Kf7 30. Bb6 a4 31. Kf4 h6 32. h4 Kf6 33. Bc5 g5+ 34. Kg4 Bf5+ 35. Kh5 gxh4 36. Bd4+ Kf7 37. Kxh4 Kg6 38. g4 Bd3 39. f4 Bc2 40. Be3 b5 41. Bc5 Be4 42. Bf8 Bd3 43. Bd6 Be4 44. Bb8 Bd3 45. Bc7 Be4 46. Kg3 Bd3 47. f5+ Kf7 48. Kf4 Bc4 49. Bb6 Bd5 50. Kg3 Be4 51. Be3 Kg7 52. Bd4+ Kf7 53. Kh4 Bd3 54. Kh5 Be2 55. Be3 Bd3 56. Bxh6 Kf6 57. Bg5+ Ke5 58. Kg6 c5 59. Bd2 Bc2 60. Kg5 Bd3 61. Be3 c4 62. Bd2 Be2 63. Bc3+ Kd6 64. Kf4 Ke7 65. g5 Kf7 66. g6+ Kf8 67. f6 1-0

[Event "Asturias-ch Preferente"]
[Site "Gijon"]
[Date "2002.02.24"]
[Round "1.5"]
[White "Rodriguez Uria, Julio Antonio"]
[Black "Recuero Guerra, David"]
[Result "1/2-1/2"]
[WhiteElo "2247"]
[BlackElo "2020"]
[PlyCount "74"]
[EventDate "2002.02.24"]
[EventType "swiss"]
[EventRounds "9"]
[EventCountry "ESP"]
[SourceTitle "EXT 2003"]
[Source "ChessBase"]
[SourceDate "2002.11.25"]
[SourceVersion "1"]
[SourceVersionDate "2002.11.25"]
[SourceQuality "1"]

1. e4 c5 2. Nf3 e6 3. d4 cxd4 4. Nxd4 Nf6 5. Bd3 Nc6 6. Be3 Ne5 7. 0-0 Nxd3 8. Qxd3 d5 9. e5 Nd7 10. Bf4 Be7 11. Nd2 0-0 12. Rac1 Qb6 13. c4 Nc5 14. Qe3 Rd8 15. Nb5 dxc4 16. Nd6 Nd3 17. Rxc4 Qxe3 18. fxe3 Bxd6 19. exd6 e5 20. Rc3 Nxf4 21. exf4 exf4 22. Rd3 g5 23. Rc1 Be6 24. Rc7 b6 25. Rd4 h6 26. Nf3 f6 27. Nd2 Rd7 28. Rc6 Kf7 29. a4 Rdd8 30. a5 Rac8 31. Rxc8 Rxc8 32. axb6 axb6 33. Kf2 Kg6 34. Rb4 Rc6 35. Rd4 Rc8 36. Rb4 Rc6 37. Rd4 Rc8 1/2-1/2

[Event "Asturias-chT Preferente 0102"]
[Site "Asturias"]
[Date "2001.12.08"]
[Round "4.2"]
[White "Fernandez Ponce, Luis Miguel"]
[Black "Rodriguez Uria, Julio Antonio"]
[Result "0-1"]
[WhiteElo "2041"]
[BlackElo "2264"]
[PlyCount "90"]
[EventDate "2001.11.03"]
[EventType "team"]
[EventRounds "11"]
[EventCountry "ESP"]
[SourceTitle "EXT 2003"]
[Source "ChessBase"]
[SourceDate "2002.11.25"]
[SourceVersion "1"]
[SourceVersionDate "2002.11.25"]
[SourceQuality "1"]

1. e4 c5 2. Nf3 e6 3. d4 cxd4 4. Nxd4 a6 5. Nc3 Qc7 6. g3 b5 7. a3 Nc6 8. Bg2 Bb7 9. 0-0 Nf6 10. Be3 Be7 11. Qe2 Ne5 12. Rad1 Nc4 13. Bc1 0-0 14. Kh1 Nxa3 15. e5 Bxg2+ 16. Kxg2 Ne8 17. Qf3 Rc8 18. Nd5 exd5 19. bxa3 d6 20. exd6 Nxd6 21. Qxd5 Nc4 22. Qf3 Bf6 23. Bf4 Qc5 24. Ne2 Rfd8 25. Rxd8+ Rxd8 26. Bc1 Ne5 27. Qe4 Rc8 28. Nd4 h6 29. Re1 Ng6 30. Bb2 Bxd4 31. Qxd4 Qxd4 32. Bxd4 Rxc2 33. Re8+ Kh7 34. Ra8 Rc6 35. Ra7 f6 36. f4 Kg8 37. Kf3 Kf8 38. Ke4 Ne7 39. f5 Rc4 40. Rd7 Nc6 41. Ke3 Ke8 42. Rd6 Nxd4 43. Rxd4 Rc3+ 44. Rd3 Rxd3+ 45. Kxd3 Kd7 0-1

[Event "Asturias-ch Preferente"]
[Site "Norena"]
[Date "2001.04.21"]
[Round "9.3"]
[White "Rodriguez Uria, Julio Antonio"]
[Black "Menendez Rey, Francisco Javier"]
[Result "0-1"]
[WhiteElo "2230"]
[BlackElo "2192"]
[PlyCount "88"]
[EventDate "2001.02.17"]
[EventType "swiss"]
[EventRounds "9"]
[EventCountry "ESP"]
[SourceTitle "EXT 2002"]
[Source "ChessBase"]
[SourceDate "2001.11.25"]
[SourceVersion "1"]
[SourceVersionDate "2001.11.25"]
[SourceQuality "1"]

1. d4 d6 2. c4 e5 3. Nf3 Nd7 4. Nc3 Be7 5. g3 c6 6. Bg2 Ngf6 7. 0-0 0-0 8. e4 Re8 9. h3 Bf8 10. Re1 b6 11. b3 Bb7 12. Bb2 Qc7 13. Qd2 Rad8 14. Rad1 a6 15. a3 b5 16. cxb5 cxb5 17. dxe5 dxe5 18. Nd5 Nxd5 19. exd5 Bd6 20. Rc1 Qb8 21. Ng5 Nf6 22. f4 exf4 23. Bxf6 Rxe1+ 24. Rxe1 gxf6 25. Ne4 Be7 26. gxf4 Bxd5 27. Ng3 Bc5+ 28. Kh1 Be6 29. Qc3 Bd4 30. Qf3 f5 31. Rf1 Kh8 32. Qh5 Qc8 33. b4 Rg8 34. Ne2 Bb2 35. Qf3 Qc2 36. Qe3 Bc4 37. Bf3 Qd3 38. Qxd3 Bxd3 39. Rd1 Bc4 40. Nd4 Rd8 41. Nc2 Rxd1+ 42. Bxd1 Bb3 43. Kg2 Bxa3 44. Nxa3 Bxd1 0-1

[Event "Asturias-ch Preferente"]
[Site "Norena"]
[Date "2001.03.31"]
[Round "7.4"]
[White "Rodriguez Uria, Julio Antonio"]
[Black "Rodriguez Fernandez, Juan Ramon"]
[Result "1-0"]
[WhiteElo "2230"]
[BlackElo "2212"]
[PlyCount "80"]
[EventDate "2001.02.17"]
[EventType "swiss"]
[EventRounds "9"]
[EventCountry "ESP"]
[SourceTitle "EXT 2002"]
[Source "ChessBase"]
[SourceDate "2001.11.25"]
[SourceVersion "1"]
[SourceVersionDate "2001.11.25"]
[SourceQuality "1"]

1. e4 e5 2. Nf3 Nc6 3. Bb5 Nf6 4. d3 d6 5. Nbd2 Be7 6. c3 0-0 7. Nf1 Re8 8. Ne3 Bf8 9. 0-0 g6 10. Nd5 a6 11. Ba4 b5 12. Bg5 Bg7 13. Bc2 Be6 14. c4 Bg4 15. h3 Bxf3 16. Qxf3 Nd4 17. Qd1 c6 18. Nxf6+ Bxf6 19. Be3 bxc4 20. dxc4 c5 21. Ba4 Rf8 22. Bxd4 cxd4 23. Bc6 Rb8 24. Rb1 Qa5 25. a3 Kg7 26. Qd3 Qc5 27. Bd5 a5 28. Qd2 Rb3 29. Kh1 Be7 30. f4 f6 31. Qd1 a4 32. Qg4 Qc8 33. f5 g5 34. c5 Rb5 35. c6 Qb8 36. Rbc1 Rc5 37. Qd1 Qxb2 38. Rb1 Qc3 39. Rb7 Re8 40. Qh5 Rxd5 1-0

[Event "Asturias-ch Preferente"]
[Site "Norena"]
[Date "2001.03.24"]
[Round "6.8"]
[White "Rodriguez Perez, Jose Javier"]
[Black "Rodriguez Uria, Julio Antonio"]
[Result "0-1"]
[WhiteElo "2066"]
[BlackElo "2230"]
[PlyCount "102"]
[EventDate "2001.02.17"]
[EventType "swiss"]
[EventRounds "9"]
[EventCountry "ESP"]
[SourceTitle "EXT 2002"]
[Source "ChessBase"]
[SourceDate "2001.11.25"]
[SourceVersion "1"]
[SourceVersionDate "2001.11.25"]
[SourceQuality "1"]

1. d4 Nf6 2. Nc3 d5 3. Bg5 Ne4 4. Nxe4 dxe4 5. Qd2 Qd5 6. Bf4 Nc6 7. e3 e5 8. dxe5 Qxd2+ 9. Kxd2 Be6 10. Ne2 0-0-0+ 11. Kc1 h6 12. Nc3 g5 13. Bg3 Bg7 14. Nxe4 Nxe5 15. Bxe5 Bxe5 16. Bd3 b6 17. Ng3 Rhf8 18. Rf1 Kb7 19. Be2 f5 20. Rd1 f4 21. Rxd8 Rxd8 22. Nf1 fxe3 23. Nxe3 Bxh2 24. g3 Bg1 25. Nd1 Rf8 26. Kd2 Bxf2 27. Nxf2 Rxf2 28. Ke3 Rh2 29. Bd3 Bd5 30. g4 Rh3+ 31. Kd4 Bf3 32. Be4+ Bxe4 33. Kxe4 Rh2 34. Rc1 Rf2 35. Ke3 Rf6 36. Rh1 Kc6 37. Rh2 a5 38. b3 Kc5 39. a3 b5 40. c3 c6 41. Rh3 a4 42. bxa4 bxa4 43. Kd3 Kd5 44. c4+ Kc5 45. Re3 Rf4 46. Re5+ Kd6 47. Ra5 Rxg4 48. Rxa4 h5 49. Ra8 h4 50. Rd8+ Kc5 51. Rf8 Rg3+ 0-1

[Event "Asturias-ch Preferente"]
[Site "Norena"]
[Date "2001.03.10"]
[Round "4.7"]
[White "Vega Viejo, Marcelino"]
[Black "Rodriguez Uria, Julio Antonio"]
[Result "1-0"]
[WhiteElo "2194"]
[BlackElo "2230"]
[PlyCount "51"]
[EventDate "2001.02.17"]
[EventType "swiss"]
[EventRounds "9"]
[EventCountry "ESP"]
[SourceTitle "EXT 2002"]
[Source "ChessBase"]
[SourceDate "2001.11.25"]
[SourceVersion "1"]
[SourceVersionDate "2001.11.25"]
[SourceQuality "1"]

1. Nf3 d6 2. d4 f5 3. g3 g6 4. Bg2 Nf6 5. Nc3 Bg7 6. d5 c6 7. 0-0 0-0 8. e4 e5 9. dxe6 fxe4 10. Ng5 d5 11. f3 h6 12. Nf7 Qb6+ 13. Kh1 Bxe6 14. Nxh6+ Kh7 15. fxe4 Bxh6 16. Bxh6 Kxh6 17. e5 Nh7 18. Rxf8 Nxf8 19. Qd2+ Kg7 20. Qg5 Nbd7 21. Qe7+ Kg8 22. Rf1 Qe3 23. Rf4 Qxe5 24. Bh3 Bxh3 25. Qf7+ Kh8 26. Rh4+ 1-0

[Event "Asturias-chT Preferente 0001"]
[Site "Asturias"]
[Date "2001.01.20"]
[Round "10"]
[White "Rodriguez Uria, Julio Antonio"]
[Black "Arias Rodriguez, Santiago"]
[Result "1/2-1/2"]
[WhiteElo "2230"]
[BlackElo "2210"]
[PlyCount "58"]
[EventDate "2000.10.28"]
[EventType "team"]
[EventRounds "11"]
[EventCountry "ESP"]
[SourceTitle "EXT 2002"]
[Source "ChessBase"]
[SourceDate "2001.11.25"]
[SourceVersion "1"]
[SourceVersionDate "2001.11.25"]
[SourceQuality "1"]

1. c4 Nf6 2. Nc3 e6 3. d4 Bb4 4. Qc2 c5 5. dxc5 0-0 6. a3 Bxc5 7. b4 Be7 8. Nf3 a5 9. b5 Qc7 10. e3 b6 11. Bd3 Bb7 12. 0-0 Bxf3 13. gxf3 d6 14. Bb2 Nbd7 15. Ne4 Rac8 16. Rac1 Nxe4 17. Bxe4 f5 18. Bd3 Qb7 19. Be2 Bf6 20. Bxf6 Rxf6 21. Kh1 Ne5 22. Qd1 Rh6 23. Rg1 Rh3 24. Qxd6 Nxf3 25. Qxe6+ Kh8 26. Bxf3 Qxf3+ 27. Rg2 Rd8 28. Qc6 Rxh2+ 29. Kxh2 Qh5+ 1/2-1/2

[Event "Asturias-ch"]
[Site "Asturias"]
[Date "2001.??.??"]
[Round "10.2"]
[White "Rodriguez Uria, Julio Antonio"]
[Black "Pascual Arevalo, Ruben"]
[Result "1/2-1/2"]
[WhiteElo "2247"]
[BlackElo "2169"]
[PlyCount "144"]
[EventDate "2001.??.??"]
[EventType "swiss"]
[EventRounds "11"]
[EventCountry "ESP"]
[SourceTitle "EXT 2003"]
[Source "ChessBase"]
[SourceDate "2002.11.25"]
[SourceVersion "1"]
[SourceVersionDate "2002.11.25"]
[SourceQuality "1"]

1. c4 e5 2. Nc3 Bb4 3. Nd5 Bc5 4. Nf3 Nc6 5. Nxe5 Nxe5 6. d4 c6 7. Nc3 Bd6 8. c5 Be7 9. dxe5 Qa5 10. Qa4 Qxc5 11. Qe4 d5 12. exd6 Qxd6 13. Bf4 Qe6 14. Qc2 Nf6 15. e3 0-0 16. Bd3 h6 17. h3 Bd6 18. Bxd6 Qxd6 19. 0-0 Re8 20. Ne2 Nd5 21. a3 Qe5 22. Nd4 Qg5 23. Kh1 Qh5 24. Kh2 Bd7 25. Rfe1 Re5 26. Be2 Qh4 27. Nf3 Qxf2 28. Nxe5 Bf5 29. Nd3 Qxg2+ 30. Kxg2 Nxe3+ 31. Kg3 Nxc2 32. Rac1 Nxe1 33. Rxe1 Rd8 34. Rd1 Re8 35. Bf1 g5 36. Re1 Rd8 37. Ne5 Kg7 38. Bc4 f6 39. Ng4 Rd7 40. Re8 Bh7 41. Ne3 f5 42. Nf1 h5 43. Kf2 Bg6 44. Re5 Kf6 45. Re6+ Kg7 46. Re2 f4 47. Be6 Re7 48. Nh2 Kf6 49. Bc4 Bf5 50. Rxe7 Kxe7 51. Be2 Bxh3 52. Bxh5 Bf5 53. Bf3 Kd6 54. Ke2 Kc5 55. Bh5 a5 56. Kd2 b5 57. Nf3 g4 58. Ne5 g3 59. Bf3 Bh3 60. Nd3+ Kc4 61. Nxf4 Bd7 62. Ne2 b4 63. axb4 Kxb4 64. Bg2 a4 65. Nd4 c5 66. Nc2+ Kb3 67. Kc1 Bf5 68. Na3 c4 69. Nb5 Bd3 70. Nd4+ Kb4 71. Nc2+ Bxc2 72. Kxc2 a3 1/2-1/2